| 000 | 00362nam a2200133Ia 4500 | ||
|---|---|---|---|
| 003 | PILC | ||
| 008 | 220421s2000 xx 000 0 und d | ||
| 040 | _cEARIST LIBRARY | ||
| 100 |
_aSerrano & Lapid _9389 |
||
| 245 | 0 | _aEnglish Communication Arts&Skills through World Literature / | |
| 260 |
_bPhoenix publishing : _c2000. |
||
| 999 |
_c1703 _d1703 |
||
| 942 |
_2ddc _cBK |
||